Normal view MARC view

Entry Uniform Title

Number of records used in: 3

001 - CONTROL NUMBER

  • control field: 204

003 - CONTROL NUMBER IDENTIFIER

  • control field: csc

005 - DATE AND TIME OF LATEST TRANSACTION

  • control field: 20140507162049.0

008 - FIXED-LENGTH DATA ELEMENTS

  • fixed length control field: 110204|||a|||||| | ||| d

040 ## - CATALOGING SOURCE

  • Original cataloging agency: csc
  • Transcribing agency: csc

130 ## - HEADING--UNIFORM TITLE

  • Uniform title: Linux.

670 ## - SOURCE DATA FOUND

  • Source citation: Work cat.: (csc)0: Torvalds, Linus, 1969- 342, Just for fun :, c2001.